000 00274nam a22001097a 4500
008 231120b |||||||| |||| 00| 0 eng d
100 _aRai, Nand Kumar
_96810
245 _aHindi ke Vishisht Aalochak
260 _aAllahabad;
_bVasumati;
_c1969;
300 _a111p
942 _cBK
999 _c40414
_d40414